00549nam a22001817a 450000500170000001000250001702000260004203500290006803500130009703700190011003700130012908200140014210000230015624500680017926000340024727000620028130000240034320180820153342.0 a1516EN07 ENG-123741 c495.00a9789385386138 aB-603584-598 EN-107273 aB-667406 bAakar/venaDPL bDBAD/PUB a363.73874 aDash, Sushil Kumar aClimate change :cby Sushil Kumar Dashban Indian perspective / aDelhibFoundation Booksc2015 bDelhia4843/24, 2nd Floor, Ansari Road, Daryaganje110002 axi,262p.c22cm(pbk)